|
|
|
|
| LEADER |
00000nam a2200000 a 4500 |
| 001 |
vtls001269434 |
| 003 |
SK-MaSNL |
| 005 |
20260301234619.0 |
| 008 |
240318s1975 xr 0 und |
| 035 |
|
|
|a SNK000220479
|
| 040 |
|
|
|a SNK
|b slo
|c SNK
|e AACR2
|
| 044 |
|
|
|a xr
|c CZ
|
| 100 |
1 |
|
|a Dorazil, Eduard,
|d 1929-1997
|4 aut
|9 135000
|
| 245 |
1 |
0 |
|a Nauka o materiálu
|b 3. část Návody do cvičení
|
| 260 |
|
|
|a Brno
|b Vysoké učení technické
|c 1975
|
| 300 |
|
|
|a 174 s.
|
| 958 |
|
|
|a OND
|
| 999 |
|
|
|c 970993
|d 972923
|
| 952 |
|
|
|t P60, <04>, [BOOK], {604}
|a SNK
|b SNK
|y VYP
|7 0
|p 17A0026390
|o snkIB 28996/3 D1
|0 0
|1 1
|4 0
|d 1996-12-07
|l 0
|r 2005-01-01 00:00:00
|w 2026-02-24
|